Gone in 60 Seconds List of 50 car names - Statistics

General Stats
  • This quiz has been taken 8 times
  • The average score is 14 of 50
Answer Stats
Hint Answer % Correct
1999 Aston Martin DB7 Mary
83%
2000 Ford F350 4x4 modified pick-up Anne
67%
1967 Shelby Mustang GT 500 Eleanor
67%
1966 Shelby AC Cobra Ashley
50%
1962 Aston Martin DB1 Barbara
50%
1999 Cadillac Escalade Carol
50%
1998 Mercedes-Benz SL 600 Ellen
50%
1969 Plymouth Roadrunner. Jessica
50%
1971 DeTomaso Pantera Kate
50%
1987 Ferrari Testarossa Rose
50%
1956 Ford T-Bird Susan
50%
2000 Rolls Royce Stretch Limousine. Grace
33%
1999 Lexus LS 400 Hillary
33%
1999 Bentley Azure Laura
33%
2000 Volvo Turbo Wagon R Lisa
33%
1959 Cadillac El Dorado Madeline
33%
1999 Infiniti Q45 Rachel
33%
1967 Chevrolet Corvette Stingray Big Block. Stacey
33%
1964 Bentley Continental Alma
17%
1999 Ferrari 550 Maranello Angelina
17%
1994 Jaguar XJ 220 Bernadene
17%
2000 Toyota Landcruiser. Cathy
17%
2000 Cadillac El Dorado ETC (El Dorado Touring Coupe) Daniela
17%
1999 Jaguar XJ8 Deborah
17%
1998 Dodge Viper Coupe GTS Denise
17%
1995 Ferrari 355 B Diane
17%
1999 Mercedes-Benz CL 500 Donna
17%
1957 Mercedes-Benz 300 SL/Gullwing Dorothy
17%
1969 Chevrolet Camaro Z28 Erin
17%
1950 Mercury Custom Gabriela
17%
1990 Lamborghini Diablo Gina
17%
1997 Ferrari 355 F1 Iris
17%
1999 Lincoln Navigator. Kimberley
17%
1999 Bentley Arnage Lindsey
17%
1998 Toyota Supra Turbo Lynn
17%
2000 Porsche Boxster Marsha
17%
2000 GMC Yukon Megan
17%
1967 Ferrari 275 GTB4 Nadine
17%
1961 Porsche Speedster. Natalie
17%
1953 Chevrolet Corvette Pamela
17%
1958 Cadillac El Dorado Brougham Patricia
17%
1999 Mercedes-Benz S 600 Samantha
17%
1971 Plymouth Hemi Cuda Shannon
17%
1965 Pontiac GTO Sharon
17%
1957 Chevrolet Bel Air Convertible Stefanie
17%
1997 Porsche 911 Twin Turbo Tanya
17%
1999 Porsche 996 Tina
17%
1999 HumVee 2-Door Pickup Tracy
17%
1969 Dodge Daytona Vanessa
17%
1988 Porsche 959 Virginia
17%
No matching quizzes found
Score Distribution
Percent of People with Each Score
Percentile by Number Answered
Your Score History
You have not taken this quiz